Gaming Quiz

Random Gaming or Mario Quiz

Mario Kart Characters Minefield Quiz Stats

 Plays Quiz not verified by Sporcle

Challenge
Share
Tweet
Embed
Score 0/47 Timer 01:30
0 Plays Today
% Correct
???
46.2%
???
46.2%
???
45.6%
???
44.6%
???
44.5%
???
44.4%
???
44.3%
???
44%
???
43.2%
???
42.7%
???
42.4%
???
42.3%
???
39.9%
???
39.3%
???
39.1%
???
38.8%
???
37.6%
???
36.8%
???
36.4%
???
35.1%
???
34.7%
???
34.3%
???
33.2%
???
32.8%
% Correct
???
31.3%
???
30.4%
???
28.6%
???
28.3%
???
27.7%
???
26.2%
???
26%
???
25.8%
???
25.5%
???
25.4%
???
25.2%
???
25.2%
???
25%
???
24.9%
???
24.5%
???
23.5%
???
21.2%
???
21.1%
???
21.1%
???
20.8%
???
18.2%
???
14.4%
???
12.1%

You're not logged in!

Compare scores with friends on all Sporcle quizzes.
Join for Free
OR
Log In

You Might Also Like...

Show Comments

Extras

Curator's Pick Sep 3, 2014SourceReportNominate
Tags:Mario Quiz, Mario Kart

Top Quizzes Today


Score Distribution

Your Account Isn't Verified!

In order to create a playlist on Sporcle, you need to verify the email address you used during registration. Go to your Sporcle Settings to finish the process.

Report this User

Report this user for behavior that violates our Community Guidelines.

Details: